Gauge Theory of Elementary Particle Physics / (Record no. 15309)
[ view plain ]
| 000 -LEADER | |
|---|---|
| fixed length control field | 01282cam a2200349 a 4500 |
| 001 - CONTROL NUMBER | |
| control field | 4241026 |
| 005 - DATE AND TIME OF LATEST TRANSACTION | |
| control field | 20240818092940.0 |
| 008 - FIXED-LENGTH DATA ELEMENTS--GENERAL INFORMATION | |
| fixed length control field | 830606s1984 enka b 001 0 eng |
| 010 ## - | |
| -- | 83007623 |
| 020 ## - INTERNATIONAL STANDARD BOOK NUMBER | |
| International Standard Book Number | 0198519613 |
| 020 ## - INTERNATIONAL STANDARD BOOK NUMBER | |
| International Standard Book Number | 9780198519614 |
| 040 ## - CATALOGING SOURCE | |
| Original cataloging agency | DLC |
| Transcribing agency | DLC |
| Modifying agency | DLC |
| 050 00 - LIBRARY OF CONGRESS CALL NUMBER | |
| Classification number | QC793.3.F5 |
| Item number | C48 1984 |
| 082 00 - DEWEY DECIMAL CLASSIFICATION NUMBER | |
| Classification number | 539.72101 |
| Edition number | 22 |
| Item number | CHE |
| 100 1# - MAIN ENTRY--PERSONAL NAME | |
| Personal name | Cheng, Ta-Pei. |
| 9 (RLIN) | 23886 |
| 245 10 - TITLE STATEMENT | |
| Title | Gauge Theory of Elementary Particle Physics / |
| Statement of responsibility, etc | Ta-Pei Cheng and Ling-Fong Li. |
| 260 ## - | |
| -- | Oxford [Oxfordshire] : |
| -- | Clarendon Press ; |
| -- | New York : |
| -- | Oxford University Press, 1984 |
| -- | 1984. |
| 300 ## - PHYSICAL DESCRIPTION | |
| Extent | xi, 536 p. : |
| Other physical details | ill. ; |
| Dimensions | 25 cm. |
| 336 ## - CONTENT TYPE | |
| Source | rdacontent |
| Content type term | text |
| Content type code | txt |
| 337 ## - MEDIA TYPE | |
| Media type term | unmediated |
| Source | rdamedia |
| Media type code | n |
| 338 ## - CARRIER TYPE | |
| Carrier type term | volume |
| Carrier type code | nc |
| Source | rdacarrier |
| 490 ## - SERIES STATEMENT | |
| -- | 1869 |
| Series statement | Oxford science publications |
| 500 ## - GENERAL NOTE | |
| General note | Includes index. |
| 504 ## - BIBLIOGRAPHY, ETC. NOTE | |
| Bibliography, etc | Bibliography: p. [517]-526. |
| 650 #0 - SUBJECT ADDED ENTRY--TOPICAL TERM | |
| Topical term or geographic name as entry element | Gauge fields (Physics) |
| 9 (RLIN) | 23887 |
| 650 #0 - SUBJECT ADDED ENTRY--TOPICAL TERM | |
| Topical term or geographic name as entry element | Particles (Nuclear physics) |
| 9 (RLIN) | 23888 |
| 653 ## - INDEX TERM--UNCONTROLLED | |
| Resource For college | |
| Arrived date list | May2011 |
| 700 1# - ADDED ENTRY--PERSONAL NAME | |
| Personal name | Li, Ling-Fong. |
| 9 (RLIN) | 23889 |
| 856 42 - ELECTRONIC LOCATION AND ACCESS | |
| Materials specified | Publisher description |
| Uniform Resource Identifier | <a href="http://www.loc.gov/catdir/enhancements/fy0603/83007623-d.html">http://www.loc.gov/catdir/enhancements/fy0603/83007623-d.html</a> |
| 856 41 - ELECTRONIC LOCATION AND ACCESS | |
| Materials specified | Table of contents only |
| Uniform Resource Identifier | <a href="http://www.loc.gov/catdir/enhancements/fy0603/83007623-t.html">http://www.loc.gov/catdir/enhancements/fy0603/83007623-t.html</a> |
| 942 ## - ADDED ENTRY ELEMENTS (KOHA) | |
| Source of classification or shelving scheme | Dewey Decimal Classification |
| Koha item type | Book - Borrowing |
| Classification part | RDA-MOD |
| Withdrawn status | Lost status | Source of classification or shelving scheme | Damaged status | Not for loan | Collection code | Home library | Current library | Shelving location | Date acquired | Source of acquisition | Cost, normal purchase price | Serial Enumeration / chronology | Total Checkouts | Total Renewals | Full call number | Barcode | Checked out | Date last seen | Date checked out | Koha item type |
|---|---|---|---|---|---|---|---|---|---|---|---|---|---|---|---|---|---|---|---|---|
| Dewey Decimal Classification | Baccah | Central Library | Central Library | First floor | 17/05/2011 | Purchase | 386.00 | 12242 | 2 | 32 | 539.72101 CHE | 000023589 | 16/03/2020 | 21/12/2016 | 21/12/2016 | Book - Borrowing |